000 00992nam a2200277 i 4500
003 DO-SdBNP
005 20260511135841.0
007 ta
008 260511b2025 dr c|||| |||| 00| 0 spa d
020 _a9789945296839
040 _aDO-SdBNP
_bspa
_cBNPHU
_erda
041 _aspa
082 4 _axxx
_bS487L
_222
100 _aSerrano, Gleni,
_eautor
_4aut.
_989528
245 1 0 _aLevántate y brilla :
_buna guía para la autorrealización /
_cAurelia Castillo ; corrección y prólogo, Dania Victoria Figueroa ; edición, Máximo Castro
264 4 _aSanto Domingo :
_bPublicaciones Libertad,
_c©2025.
300 _a82 páginas :
_bretratos ;
_c22 cm.
336 _atexto
_btxt
_2rdacontent
337 _asin mediación
_bn
_2rdamedia
338 _avolumen
_bnc
_2rdacarrier
590 _aInventariado, 2026/BT
700 1 _aFigueroa, Dania Victoria,
_ecorrección y prologuista
_4corr. y pr.
_987015
700 1 _aCastro, Máximo,
_eeditor
_4ed.
_987548
910 _aBtavárez
942 _2ddc
_cLBS1
999 _c60709
_d60709